Fyzika : Geometrická optika

Gespeichert in:
Bibliographische Detailangaben
1. Verfasser: Zámečník, Jozef (Verfasst von)
Format: Buch
Sprache:Russisch
Veröffentlicht: Bratislava : SVŠT v Bratislave, 1987
Tags: Tag hinzufügen
Keine Tags, Fügen Sie das erste Tag hinzu!

MARC

LEADER 00000nam a22000003a 4500
001 stu57939
005 20150617225654.9
008 010524s1987----cs------------------rus-d
040 |a STU  |b slo 
041 0 |a rus 
044 |a cs 
080 |a 53(075.8) 
080 |a 535.3 
100 1 |a Zámečník, Jozef  |4 aut 
245 1 |a Fyzika :  |b Geometrická optika 
260 |a Bratislava :  |b SVŠT v Bratislave,  |c 1987 
300 |a 87 s 
996 |b 284V002893  |c V*30467/S-89  |l VVS  |s A  |a 24  |w stu57939_0001